ბათუმის შოთა რუსთაველის სახელმწიფო უნივერსიტეტის ბიბლიოთეკა

Древний и ранне средневековый Иран (ბიბ.ჩანაწერი № 35138)

000 -LEADER
fixed length control field 00598nam a2200217Ia 4500
001 - CONTROL NUMBER
control field 980
003 - CONTROL NUMBER IDENTIFIER
control field GE_BSU
008 - FIXED-LENGTH DATA ELEMENTS--GENERAL INFORMATION
fixed length control field 181216s||||||||xx |||||||||||||| ||und||
040 ## - CATALOGING SOURCE
Transcribing agency GE_BSU
080 ## - UNIVERSAL DECIMAL CLASSIFICATION NUMBER
Universal Decimal Classification number 94(55)"653
100 ## - MAIN ENTRY--PERSONAL NAME
Personal name Луконин,В.Г.
245 ## - TITLE STATEMENT
Title Древний и ранне средневековый Иран
245 ## - TITLE STATEMENT
Remainder of title Очерки истории культуры
260 ## - PUBLICATION, DISTRIBUTION, ETC.
Place of publication, distribution, etc. Москва
260 ## - PUBLICATION, DISTRIBUTION, ETC.
Name of publisher, distributor, etc. Наука
260 ## - PUBLICATION, DISTRIBUTION, ETC.
Date of publication, distribution, etc. 1987
300 ## - PHYSICAL DESCRIPTION
Extent 296стр.
653 ## - INDEX TERM--UNCONTROLLED
Uncontrolled term Древний и ранне средневековый Иран
942 ## - ADDED ENTRY ELEMENTS (KOHA)
Koha item type წიგნი
ეგზემპლარები
Withdrawn status Lost status Damaged status Not for loan Date acquired Barcode Date last seen Price effective from Koha item type
        2018-12-17 1274 2018-12-17 2018-12-17 წიგნი